| 000 | 00618nam a22001337a 4500 | ||
|---|---|---|---|
| 040 | _cRUA | ||
| 082 | _aAGR SIE 2015 B520 Or.1 | ||
| 100 | _aSIENG SREYMOM; សៀង ស្រីមុំ | ||
| 245 | _aSoilorganic carbonchanges in lowland rice production under conservation agriculture; បម្រែបម្រួលកាបូនសរីរាង្គជីក្នុងផលិតកម្មដំណាំស្រូវទំនាបតាបកសិកម្មអភិរក្ស | ||
| 260 |
_aPhnom Penh _bSIE _c2015 |
||
| 300 |
_avii;40p. _bill. _c29cm. |
||
| 856 | _uSIENG SREYMOM | ||
| 942 | _cAGR | ||
| 999 |
_c10749 _d10749 |
||